O desertor (Record no. 188540)

MARC details
000 -LÍDER
campo de controle de tamanho fixo 00332 a2200157 4500
001 - NÚMERO DE CONTROLE
campo de controle 188540
020 ## - ISBN - INTERNATIONAL STANDARD BOOK NUMBER
ISBN - International Standard Book Number 85-268-0621-1
040 ## - FONTE DA CATALOGAÇÃO
Instituição que transcreveu o registro Magnum
100 ## - ENTRADA PRINCIPAL--NOME PESSOAL
Nome pessoal Alvarenga, Manuel Inácio da Silva
240 10 - TÍTULO UNIFORME
Título uniforme O desertor
Idioma da obra por
245 10 - TÍTULO
Título O desertor
300 ## - DESCRIÇÃO FÍSICA
Extensão 166
362 0# - DATAS DE PUBLICAÇÃO E/OU DESIGNAÇÃO SEQUENCIAL
Datas de publicação e/ou designação sequencial 2010
697 ## - ENTRADA DE ASSUNTO LOCAL--ENTIDADE COLETIVA (RLIN)
Nome corporativo ou nome da jurisdição LITERATURA GERAL
942 ## - ELEMENTOS DE ENTRADA ADICIONADOS (KOHA)
Tipo de material Koha Livros
Holdings
Situação do descarte Situação das perdas Situação física Não pode ser emprestado Biblioteca de origem Biblioteca atual Data de aquisição Total de empréstimos Número de chamada completo Código de barras Data de último acesso Data do preço efetivo Tipo de material Koha
        Magnum Magnum 08/06/2024   869.4.609 MAG00061738 08/06/2024 08/06/2024 Livros
        Magnum Magnum 08/06/2024   869.4.609 MAG00061739 08/06/2024 08/06/2024 Livros
        Magnum Magnum 08/06/2024   869.4.609 MAG00061740 08/06/2024 08/06/2024 Livros
        Magnum Magnum 08/06/2024   869.4.609 MAG00061741 08/06/2024 08/06/2024 Livros
        Magnum Magnum 08/06/2024   869.4.609 MAG00061742 08/06/2024 08/06/2024 Livros
        Magnum Magnum 08/06/2024   869.4.609 MAG00061743 08/06/2024 08/06/2024 Livros
        Magnum Magnum 08/06/2024   869.4.609 MAG00061744 08/06/2024 08/06/2024 Livros
        Magnum Magnum 08/06/2024   869.4.609 MAG00061745 08/06/2024 08/06/2024 Livros
        Magnum Magnum 08/06/2024   869.4.609 MAG00061746 08/06/2024 08/06/2024 Livros
        Magnum Magnum 08/06/2024   869.4.609 MAG00061747 08/06/2024 08/06/2024 Livros
        Magnum Magnum 08/06/2024   869.4.609 MAG00061748 08/06/2024 08/06/2024 Livros
        Magnum Magnum 08/06/2024   869.4.609 MAG00061749 08/06/2024 08/06/2024 Livros
        Magnum Magnum 08/06/2024   869.4.609 MAG00061750 08/06/2024 08/06/2024 Livros